000 00609nam a2200157 a 4500
001 000028980
005 20200930055244.0
008 110413s1969 dr 000 0 spa d
040 _aDO-SdBNP
_bspa
_cBNPHU
111 2 _aSeminario sobre la "plataforma para el desarrollo económico y social de la República Dominicana 1968-1958
_c(Jarabacoa, República Dominicana
_d1968)
_955909
245 1 0 _aViabilidad de su aplicación de la plataforma /
_cGuillermo Caram.
260 _aJarabacoa, República Dominicana :
_bONAP,
_c1969.
300 _a28 P. ;
_c26 cm.
700 1 _aCaram, Guillermo
_955910
049 _aBNPD
999 _c28472
_d28472